[Event "Da Qing U20 op-A"]
[Site "Da Qing"]
[Date "2019.01.24"]
[Round "9"]
[White "Aragones, Jerome Angelo"]
[Black "Merts, Dmitrii"]
[Result "1-0"]
[WhiteElo "1823"]
[BlackElo "2048"]
[PlyCount "85"]
[EventDate "2019.01.20"]
[EventType "swiss"]
[EventRounds "9"]
[EventCountry "CHN"]
[SourceTitle "CBM 188 Extra"]
[Source "ChessBase"]
[SourceDate "2019.02.26"]
[SourceVersion "1"]
[SourceVersionDate "2019.02.26"]
[SourceQuality "1"]

1. e4 c5 2. c3 Nf6 3. e5 Nd5 4. d4 e6 5. Nf3 cxd4 6. cxd4 Nc6 7. Bc4 d6 8. 0-0 Nb6 9. Bb5 Bd7 10. Nc3 Nb4 11. Be2 Rc8 12. Qb3 d5 13. Bg5 Qc7 14. Rac1 Qb8 15. h3 h6 16. Bh4 Nc4 17. Bxc4 Rxc4 18. Ne2 b5 19. Nd2 Rxc1 20. Rxc1 Nc6 21. f4 g6 22. Bf6 Rg8 23. Qg3 Qb6 24. Nb3 a5 25. Qc3 Bb4 26. Qc2 a4 27. Nc5 Nb8 28. a3 Ba5 29. b4 axb3 30. Nxb3 Na6 31. Nc5 Nb8 32. Nb3 Na6 33. Nc5 Nb8 34. Rb1 Qc7 35. Qd3 Bc6 36. Nc3 Bxc3 37. Qxc3 Bd7 38. Qb4 Bc6 39. a4 Bd7 40. axb5 Bc8 41. b6 Qc6 42. Na6 Qb7 43. Nxb8 1-0

[Event "Da Qing U20 op-A"]
[Site "Da Qing"]
[Date "2019.01.23"]
[Round "8"]
[White "Chua, Jia Tien"]
[Black "Merts, Dmitrii"]
[Result "1/2-1/2"]
[WhiteElo "1845"]
[BlackElo "2048"]
[PlyCount "103"]
[EventDate "2019.01.20"]
[EventType "swiss"]
[EventRounds "9"]
[EventCountry "CHN"]
[SourceTitle "CBM 188 Extra"]
[Source "ChessBase"]
[SourceDate "2019.02.26"]
[SourceVersion "1"]
[SourceVersionDate "2019.02.26"]
[SourceQuality "1"]

1. e4 c5 2. Nc3 Nc6 3. g3 g6 4. Bg2 Bg7 5. Nge2 d6 6. d3 e6 7. Be3 Nd4 8. Qd2 Ne7 9. 0-0 0-0 10. Nd1 Rb8 11. Nc1 b6 12. c3 Ndc6 13. Bh6 e5 14. Ne2 Ba6 15. Bxg7 Kxg7 16. Ne3 Qd7 17. h3 Rbd8 18. Kh2 Ng8 19. f4 f6 20. g4 Nge7 21. g5 fxg5 22. fxg5 Ng8 23. Ng4 Qe7 24. Ng3 Nb8 25. h4 Nd7 26. Ne3 Nb8 27. Nd5 Qd7 28. Bh3 Qc6 29. Be6 Bc8 30. Bxg8 Rxg8 31. Nf6 Rgf8 32. Rf2 Qc7 33. Raf1 Qe7 34. h5 Qe6 35. h6+ Kh8 36. Ng4 Qe7 37. Ne3 Be6 38. Nd5 Bxd5 39. exd5 Nd7 40. Ne4 b5 41. Kg3 Nb6 42. Rxf8+ Rxf8 43. Rxf8+ Qxf8 44. Nf6 Qf7 45. Qg2 Nd7 46. Nxd7 Qxd7 47. Qf3 Qf5 48. Qe3 Kg8 49. Kh4 Kf8 50. b3 Ke8 51. Kg3 Kd8 52. Kh4 1/2-1/2

[Event "Da Qing U20 op-A"]
[Site "Da Qing"]
[Date "2019.01.23"]
[Round "7"]
[White "Merts, Dmitrii"]
[Black "Marin, Sam"]
[Result "0-1"]
[WhiteElo "2048"]
[BlackElo "2038"]
[PlyCount "88"]
[EventDate "2019.01.20"]
[EventType "swiss"]
[EventRounds "9"]
[EventCountry "CHN"]
[SourceTitle "CBM 188 Extra"]
[Source "ChessBase"]
[SourceDate "2019.02.26"]
[SourceVersion "1"]
[SourceVersionDate "2019.02.26"]
[SourceQuality "1"]

1. e4 d5 2. exd5 Qxd5 3. Nc3 Qa5 4. d4 Nf6 5. Nf3 Bg4 6. h3 Bh5 7. g4 Bg6 8. Ne5 c6 9. Bc4 e6 10. Qe2 Ne4 11. Bd2 Nxd2 12. Qxd2 Nd7 13. Nxd7 Kxd7 14. 0-0-0 Rd8 15. Qe3 Kc8 16. f4 Bb4 17. Ne2 Rhe8 18. Qf3 f6 19. Rhf1 Qc7 20. Qb3 Qe7 21. Ng3 b5 22. Be2 e5 23. fxe5 fxe5 24. d5 Bf7 25. Bf3 e4 26. Bxe4 Bxd5 27. Bxd5 Rxd5 28. Rxd5 cxd5 29. Rd1 Qg5+ 30. Kb1 Qd2 31. Qf3 Re1 32. Qf5+ Kb8 33. a3 Qxd1+ 34. Ka2 Qb1+ 35. Kb3 Bd6 36. Qd7 Bxg3 37. Qd8+ Kb7 38. Qd7+ Bc7 39. Qxd5+ Kc8 40. Qa8+ Kd7 41. Qd5+ Ke7 42. Qc5+ Bd6 43. Qxa7+ Ke6 44. Qf2 Re5 0-1

[Event "Da Qing U20 op-A"]
[Site "Da Qing"]
[Date "2019.01.21"]
[Round "3"]
[White "Hu, Yu A"]
[Black "Merts, Dmitrii"]
[Result "1/2-1/2"]
[WhiteElo "2032"]
[BlackElo "2048"]
[PlyCount "101"]
[EventDate "2019.01.20"]
[EventType "swiss"]
[EventRounds "9"]
[EventCountry "CHN"]
[SourceTitle "CBM 188 Extra"]
[Source "ChessBase"]
[SourceDate "2019.02.26"]
[SourceVersion "1"]
[SourceVersionDate "2019.02.26"]
[SourceQuality "1"]

1. e4 c5 2. Nf3 e6 3. d4 cxd4 4. Nxd4 a6 5. Bd3 Qc7 6. 0-0 Nf6 7. Qe2 Be7 8. c4 d6 9. Nc3 Nbd7 10. Be3 b6 11. Rac1 Bb7 12. f3 0-0 13. Rfd1 Rac8 14. Qf2 Qb8 15. Bf1 Bd8 16. h3 Bc7 17. b4 Rfe8 18. Nb3 d5 19. exd5 Bg3 20. Qd2 exd5 21. Nxd5 Nh5 22. Bf2 Bh2+ 23. Kh1 Ng3+ 24. Bxg3 Bxg3 25. Nd4 Rcd8 26. Nf5 Bxd5 27. Qg5 Be5 28. Rxd5 Bf6 29. Qd2 Nf8 30. Nd6 Re7 31. Ne4 Red7 32. Nxf6+ gxf6 33. Rd1 Qc7 34. Bd3 Kg7 35. Be4 Qxc4 36. a3 Qb3 37. Qd3 Qxd3 38. R1xd3 Rxd5 39. Rxd5 Rxd5 40. Bxd5 f5 41. Kg1 f4 42. Kf2 Ng6 43. g3 fxg3+ 44. Kxg3 f5 45. f4 Kf6 46. Kf3 Ke7 47. Ke3 Kd6 48. Bg8 h6 49. Bc4 a5 50. Bd3 Ke6 51. Bc4+ 1/2-1/2

[Event "Da Qing U20 op-A"]
[Site "Da Qing"]
[Date "2019.01.21"]
[Round "4"]
[White "Merts, Dmitrii"]
[Black "Di, Xu Wei"]
[Result "0-1"]
[WhiteElo "2048"]
[BlackElo "1981"]
[PlyCount "108"]
[EventDate "2019.01.20"]
[EventType "swiss"]
[EventRounds "9"]
[EventCountry "CHN"]
[SourceTitle "CBM 188 Extra"]
[Source "ChessBase"]
[SourceDate "2019.02.26"]
[SourceVersion "1"]
[SourceVersionDate "2019.02.26"]
[SourceQuality "1"]

1. e4 c5 2. Nf3 Nc6 3. Bb5 g6 4. 0-0 Bg7 5. Bxc6 dxc6 6. h3 Nf6 7. Re1 Nd7 8. e5 Qc7 9. Qe2 Nf8 10. d3 Ne6 11. c3 b6 12. Ng5 0-0 13. Na3 Rd8 14. g4 Rd5 15. Nf3 Ba6 16. c4 Rd7 17. b3 Rad8 18. Rd1 Bb7 19. Nc2 h6 20. Nce1 Kh7 21. Ng2 Rf8 22. Bb2 Nd4 23. Bxd4 cxd4 24. Re1 c5 25. Nd2 Qc6 26. f4 f5 27. Rf1 e6 28. Rf2 Rdf7 29. Raf1 a6 30. Kh2 Rg8 31. Rg1 Bf8 32. gxf5 gxf5 33. Qh5 Rfg7 34. Nf3 Be7 35. h4 Rg6 36. Rff1 Qe8 37. Ng5+ Rxg5 38. Qxe8 Rxg2+ 39. Rxg2 Rxe8 40. Rgg1 Bxh4 41. Kh3 Be7 42. Rg3 Rg8 43. Rfg1 Rxg3+ 44. Rxg3 h5 45. a3 h4 46. Rg1 Bf3 47. Rb1 Be2 48. b4 Bxd3 49. Rb2 Bxc4 50. bxc5 Bxc5 51. Kxh4 d3 52. Kg5 Be3 53. Kf6 d2 54. Rb1 Be2 0-1

[Event "Da Qing U20 op-A"]
[Site "Da Qing"]
[Date "2019.01.20"]
[Round "1"]
[White "Xu, Yinglun"]
[Black "Merts, Dmitrii"]
[Result "1-0"]
[WhiteElo "2531"]
[BlackElo "2048"]
[PlyCount "119"]
[EventDate "2019.01.20"]
[EventType "swiss"]
[EventRounds "9"]
[EventCountry "CHN"]
[SourceTitle "CBM 188 Extra"]
[Source "ChessBase"]
[SourceDate "2019.02.26"]
[SourceVersion "1"]
[SourceVersionDate "2019.02.26"]
[SourceQuality "1"]

1. c4 e5 2. Nc3 Nf6 3. g3 Bb4 4. Bg2 0-0 5. Nf3 Nc6 6. 0-0 Bxc3 7. bxc3 e4 8. Ng5 Re8 9. d3 exd3 10. exd3 h6 11. Nf3 d6 12. Rb1 Rb8 13. h3 b6 14. Nd4 Nxd4 15. cxd4 Bf5 16. Rb3 Qd7 17. g4 Bh7 18. Bf4 Re7 19. Qf3 Qe6 20. Rfb1 Rbe8 21. Be3 d5 22. cxd5 Qd7 23. Bxh6 Re1+ 24. Rxe1 Rxe1+ 25. Kh2 Nxg4+ 26. Qxg4 Qxg4 27. hxg4 gxh6 28. Rc3 Re7 29. Kg3 Kg7 30. Kf4 f6 31. Be4 Bg8 32. Rc6 Bf7 33. a3 Be8 34. Rc4 Bf7 35. f3 Be8 36. Bf5 Bb5 37. Rc3 Ba6 38. Be6 Bb5 39. Ke4 Ba6 40. f4 Bb7 41. Kf5 Ba6 42. a4 Bb7 43. Ra3 a5 44. Rc3 Ba6 45. Ke4 Bb7 46. f5 Kf8 47. Rc2 Rh7 48. Rh2 Kg7 49. Kf4 Kf8 50. Ke4 Kg7 51. Rh1 Ba8 52. Bd7 Kf8 53. Bc6 Bxc6 54. dxc6 Re7+ 55. Kf3 Kg7 56. d5 Re8 57. d6 cxd6 58. Rb1 Rb8 59. Ke4 Kf8 60. Kd5 1-0

[Event "Harbin U20 op"]
[Site "Harbin"]
[Date "2018.01.25"]
[Round "3"]
[White "Tugstumur, Yesuntumur"]
[Black "Merts, Dmitrii"]
[Result "1-0"]
[WhiteElo "2058"]
[BlackElo "1870"]
[PlyCount "79"]
[EventDate "2018.01.24"]
[EventType "tourn"]
[EventRounds "9"]
[EventCountry "CHN"]
[SourceTitle "CBM 182 Extra"]
[Source "ChessBase"]
[SourceDate "2018.02.23"]
[SourceVersion "1"]
[SourceVersionDate "2018.02.23"]
[SourceQuality "1"]

1. d4 d5 2. c4 e6 3. Nc3 Nf6 4. cxd5 exd5 5. Bg5 Be7 6. e3 0-0 7. Bd3 c6 8. Qc2 Nbd7 9. Nge2 Re8 10. 0-0 Nf8 11. Rae1 Be6 12. f3 Rc8 13. Kh1 a6 14. Na4 N6d7 15. Bxe7 Qxe7 16. Nc5 Nxc5 17. dxc5 g6 18. Nd4 Nd7 19. Rc1 f6 20. Rfe1 Bf7 21. Qc3 Qf8 22. Nb3 Re7 23. Na5 Rc7 24. Qd4 Qe8 25. a4 g5 26. b4 Bg6 27. b5 axb5 28. axb5 Bxd3 29. b6 Rc8 30. Qxd3 Ne5 31. Qc3 Qg6 32. e4 Rd8 33. Rcd1 Qf7 34. h3 Red7 35. exd5 Rxd5 36. Rxd5 Rxd5 37. Ra1 Qe7 38. Qb3 Nd3 39. Nxc6 Qxc5 40. Qxd5+ 1-0

[Event "Harbin U20 op"]
[Site "Harbin"]
[Date "2017.01.18"]
[Round "2"]
[White "Bilguun, Sumiya"]
[Black "Merts, Dmitrii"]
[Result "1-0"]
[WhiteElo "2437"]
[BlackElo "1792"]
[PlyCount "63"]
[EventDate "2017.01.18"]
[EventType "swiss"]
[EventRounds "9"]
[EventCountry "CHN"]
[SourceTitle "EXT 2018"]
[Source "ChessBase"]
[SourceDate "2017.10.13"]
[SourceVersion "1"]
[SourceVersionDate "2017.10.13"]
[SourceQuality "1"]

1. e4 c5 2. Nf3 e6 3. d4 cxd4 4. Nxd4 a6 5. Bd3 g6 6. 0-0 Bg7 7. c3 Ne7 8. Qe2 Nbc6 9. Nf3 d6 10. a4 0-0 11. Na3 e5 12. Rd1 Be6 13. Bc4 Bxc4 14. Nxc4 Nc8 15. a5 Qe7 16. b3 Rd8 17. Ne3 Qd7 18. Nd2 N6e7 19. Ndc4 Qc6 20. Qd3 f5 21. Nd5 Nxd5 22. Qxd5+ Qxd5 23. Rxd5 Na7 24. Bg5 Rf8 25. Nxd6 Bf6 26. Bxf6 Rxf6 27. Nxb7 Rb8 28. Nc5 Rc6 29. c4 fxe4 30. Nxe4 Nc8 31. Rc5 Ne7 32. Rxe5 1-0